000 00684nam a2200205Ia 4500
001 881
003 GE_BSU
008 181216s||||||||xx |||||||||||||| ||und||
020 _a5248013437
040 _cGE_BSU
080 _a342.7
245 _aЕвропейский союз на рубеже веков
245 _bИзд-е подгот. при финансовой поддержке представительства европейской комиссии в России. РАН ИНИОН
260 _aМосква
260 _c2000
300 _a296стр.
541 _h10л.
653 _aЕвропейский союз на рубеже веков
942 _cBK
999 _c35042
_d35042